| 000 | 00612cab a2200205 4500 | ||
|---|---|---|---|
| 001 | WB2737-13 | ||
| 008 | 090401t1991 xxu||||| |||| 00| 0 eng d | ||
| 035 | _a(Sirsi) u56037 | ||
| 041 | _aeng | ||
| 245 | _aSharp rise in home ownership | ||
| 260 | _c1991 | ||
| 350 | _a0 | ||
| 490 |
_aFinancial Times _v20 September 1991, 18(1) |
||
| 520 | _aHome ownership rose sharply throughout the Thatcher era to two-thirds of all households, according to the "General Household survey". | ||
| 650 | _aHOME OWNERSHIP | ||
| 650 | _aSTATISTICS | ||
| 690 | _aECONOMIC AND SOCIAL | ||
| 942 | _n0 | ||
| 948 | _c04/03/1997 | ||
| 999 |
_c34217 _d34217 |
||